000 02448cam a2200301 4500500
005 20251228061156.0
041 _afre
042 _adc
100 1 0 _aGarcia, Renaud
_eauthor
700 1 0 _aLucet, Anatole
_eauthor
245 0 0 _aFamille et société. Réflexions sur l’anarchisme « conservateur » de Gustav Landauer
260 _c2019.
500 _a38
520 _aCet article traite d’une question apparemment excentrique de la pensée de Gustav Landauer : sa défense de la famille. Contrairement à la critique inaugurée par Marx qui y vit une institution de la domination de classe bourgeoise, Landauer y vit la cellule germinale de l’« esprit de communauté » nécessaire au socialisme anarchiste. Les auteurs analysent son appropriation originale de certains aspects de la pensée proudhonienne de la famille, et son opposition à Otto Gross sur les questions de la répression patriarcale et de la libération des femmes. Ils s’interrogent pour finir sur l’actualité de cette démarche visant à discriminer dans l’être social les éléments qui méritent d’en être conservés et ceux qui doivent être transformés.
520 _aThis article deals with what is an apparently eccentric topic in Gustav Landauer’s thought : his defence of the family. Contrary to the criticism inaugurated by Marx, who regarded it as an institution of bourgeois class domination, Landauer saw in the family the germ cell of the « sense of community » that is essential to anarchist socialism. The authors analyse Landauer’s original appropriation of certain aspects of the Proudhonian conception of family, and also his opposition to Otto Gross on the issues of patriarchal repression and the liberation of women. Finally, the authors interrogate the topicality of this approach, which aims to make a distinction in social being between those elements that deserve to be preserved and those that must be transformed.
690 _aChristopher Lasch
690 _acommunauté
690 _acritiques de la famille
690 _aGustav Landauer
690 _aOtto Gross
690 _aChristopher Lasch
690 _acommunity
690 _acritics of the family
690 _aGustav Landauer
690 _aOtto Gross
786 0 _nActuel Marx | 66 | 2 | 2019-08-06 | p. 115-131 | 0994-4524
856 4 1 _uhttps://shs.cairn.info/revue-actuel-marx-2019-2-page-115?lang=fr&redirect-ssocas=7080
999 _c1587468
_d1587468